000 00457nam a2200181Ia 4500
001 9056
005 20260306160655.0
008 260306t2013||||xx |||||||||||||| ||spa||
041 _aESP
082 _a372.47
_bB163
100 _aBofarull, M. Teresa
_eAUT
245 0 _aComprensión lectora:
_bel uso de la lengua como procedimiento
260 _c2013
300 _a171 pƔginas :
_c21 cm.
650 _aGEN
654 _aCED
942 _cLIB
_dJUS
_fJUS
_2ddc
_n
999 _c9056
_d9056